000 00777nam a2200193 i 4500
001 165510
003 ES-MaACL
005 20230906213143.0
008 000113s1871 sp |||| | spa d
040 _aM-RACE
_bspa
_cM-RACE
_dCCPB | B
100 1 _aSolano Eulate, José María.
_9132795
245 1 0 _aGuía del Gabinete de Historia Natural /
_cpor José María Solano y Eulate.
260 _aMadrid :
_b[s.n.],
_c1871 (
_fImp. a cargo de Gregorio Juste)
300 _a99 p. ;
_c19 cm.
530 _aDisponible en formato digital.
610 2 4 _aReal Gabinete de Historia Natural.
_9148597
852 _aES-MaACL
_jT-715-F-3
_z.- Ded. manuscrita del autor a Manuel Saenz Diez
856 _uhttp://bdh-rd.bne.es/viewer.vm?id=0000077154&page=1
_zBiblioteca Digital Hispánica
999 _c165510
_d165510